| 000 | 00775cad a22001935a 4500 | ||
|---|---|---|---|
| 001 | L154692 | ||
| 008 | 120113e2012 xxk 000 0 eng d | ||
| 035 | _a(Sirsi) u154692 | ||
| 041 | 0 | _aeng | |
| 110 | 2 |
_aGreat Britain _bHealth and Safety Executive |
|
| 245 | 0 | 0 |
_aWorking at height _h[electronic resource] |
| 260 |
_a[S.l.] _bHSE _c2012 |
||
| 520 | _aProvides guidance on managing work at height following a hierarchy of controls; assessing work at height, roof work, fragile surfaces, ladders, tower scaffolds. | ||
| 590 | _aKA NTK | ||
| 651 | 4 |
_aGreat Britain _y1707- |
|
| 690 |
_aHealth and safety _96244 |
||
| 856 | 4 | 0 |
_uhttps://www.hse.gov.uk/construction/safetytopics/workingatheight.htm?eban=rss-# _zView the web page free of charge at www.hse.gov.uk |
| 942 | _n0 | ||
| 999 |
_c113108 _d113108 |
||